LEADER 01111nam a2200313 u 4500 001 000000056273 003 CaOOAMICUS 005 20070226120445.0 008 010404s1992 it u000 u ita u 020 $a880505237X 035 $a10871074 040 $aPUL(R)$bita 041 1 $aita$heng 100 1 $aMbiti, John S.$0(OLS)http://pul/name/39495 240 10$aAfrican Religions and Philosophy.$lItaliano.$0(OLS)http://pul/title/75259 245 10$aOltre la magia /$cJohn S. Mbiti. 260 $aTorino :$bSEI,$cc1992. 300 $axi, 320 p. ;$c22 cm 490 1 $aLa nuova Africa 500 $aContiene indice. 504 $aBibliografia: p. 303-309. 830 3$aLa nuova Africa.$0(OLS)http://pul/title/75261 850 $aPUL 852 $aPUL$W1$xSL Religione 1$y3$m65 M 45$j73836$nBK-PRI$b $qStampati$B73836$CPULBib$Z2$F73836 $H $81 941 1 $a8 961 $aINV: 76020 996 $6020$a880505237X$9(OLS)http://pul/number/70899 996 $6245$aOltre la magia$9(OLS)http://pul/title/75260 996 $6260$aTorino :$bSEI$9(OLS)http://pul/publisher/47967 LEADER 01775nam a2200349 u 4500 001 000000076191 003 CaOOAMICUS 005 20070226123201.0 008 031112s1976 it u000 u ita u 035 $a10975923 040 $aPUL(R)$bita 041 1 $aita$hger 100 1 $aWolter, Hans,$cS.I.,$d1910-$0(OLS)http://pul/name/21890 240 10$aMittelalterliche Kirche. Vom kirchlichen Hochmittelalter bis zum Vorabend der Reformation.$lItaliano.$0(OLS)http://pul/title/99943 245 10$aCivitas Medievale :$bla scolastica, gli ordini mendicanti (XII-XIV sec.) /$cdi Hans Wolter, Hans Georg Beck ; prefazione all'edizione italiana [di] Giorgio Cracco ; traduzione [di] Giorgio Mion ; aggiornamento bibliografico [di] Giovanni Spinelli. 260 $aMilano :$bJaca Book,$c1976. 300 $alii, 453 p.; ;$c25 cm 490 1 $aStoria della Chiesa ;$v5.1 490 1 $aGià e non ancora ;$v11 500 $aOpera diretta da Hubert Jedin. 500 $aComprende indice. 504 $aBibliografia:p. 414-421. 650 4$aChiesa$zStoria$ySec. XII-XIV.$0(OLS)http://pul/subject/26552 700 1 $aJedin, Hubert,$csac.,$d1900-1980.$0(OLS)http://pul/name/4262 700 1 $aBeck, Hans Georg,$d1910-$0(OLS)http://pul/name/15548 830 0$aGià e non ancora ;$v11.$0(OLS)http://pul/title/129 830 0$aStoria della Chiesa (Jaca Book) ;$v5.1.$0(OLS)http://pul/title/9686 850 $aPUL 852 $aPUL$W1$xSL Cons. Gen., Altre Classi 1$y1$m1395.A$j9322$nBK-PRI$b $qStampati$B97916$CPULBib$Z2$F97916 $H43145 $81 941 1 $a8 996 $6245$aCivitas Medievale :$bla scolastica, gli ordini mendicanti (XII-XIV sec.)$9(OLS)http://pul/title/99944 996 $6260$aMilano :$bJaca Book$9(OLS)http://pul/publisher/47900